• 首页
  • 本馆介绍
  • 公告通知
  • 最新文献
  • 馆藏检索
  • 电子资源
  • 读者导购
  • 参考咨询
  • 我的图书馆
  • 登录
  • 详细信息显示
  • 放入我的书架
  • 预约/预借图书
  • 作者相关作品
  • 分类相关作品
  • 丛书相关作品
  • 出版社相关作品

书目信息

  • 表格格式
  • 工作单格式
  • 卡片格式
题名:
白灵菇栽培技术100问
    
 
作者: 牛宇 编著
分册:  
出版信息: 北京   中国农业出版社  2018
页数: 151页
开本: 22cm
丛书名: 精准扶贫·食用菌栽培技术系列丛书
单 册:
中图分类: S646.1-44
科图分类:
主题词: 侧耳属--Ce Er Shu--蔬菜园艺--问题解答
电子资源:
ISBN: 978-7-109-24859-5
000 01200nam 2200277 450
001 012001003707
005 20131105114342.0
010    @a978-7-109-24859-5@dCNY20.00
099    @aCAL 012019115480
100    @a20190919d2018 em y0chiy50 ea
101 0  @achi
102    @aCN@b110000
105    @ay a 000yy
106    @ar
200 1  @a白灵菇栽培技术100问@ABai Ling Gu Zai Pei Ji Shu 100 Wen@f牛宇编著
210    @a北京@c中国农业出版社@d2018
215    @a151页@d22cm
225 2  @a精准扶贫·食用菌栽培技术系列丛书@AJing Zhun Fu Pin·Shi Yong Jun Zai Pei Ji Shu Xi Lie Cong Shu
320    @a有书目 (第151页)
330    @a牛宇编著的《白灵菇栽培技术100问/精准扶贫食用菌栽培技术系列丛书》作为“精准扶贫·食用菌栽培技术系列丛书”之一,围绕白灵菇栽培技术,主要介绍了白灵菇生长发育所需的营养及环境条件等,白灵菇母种、原种、栽培种的制种过程,以及生产过程中需要注意的问题及解决方法,阐述了白灵菇出菇管理、病虫害防治及采后保鲜、贮藏与加工技术等内容 。
410  0 @12001 @a精准扶贫·食用菌栽培技术系列丛书
606 0  @a侧耳属@ACe Er Shu@x蔬菜园艺@j问题解答
690    @aS646.1-44@v5
701  0 @a牛宇@ANiu Yu@4编著
801  0 @aCN@b上海新华@c20191020
905    @b1206348-51@dS646.1-44@e590@f4
    
    白灵菇栽培技术100问/牛宇编著.-北京:中国农业出版社,2018
    151页;22cm.-(精准扶贫·食用菌栽培技术系列丛书)
    
    
    ISBN 978-7-109-24859-5:CNY20.00
    牛宇编著的《白灵菇栽培技术100问/精准扶贫食用菌栽培技术系列丛书》作为“精准扶贫·食用菌栽培技术系列丛书”之一,围绕白灵菇栽培技术,主要介绍了白灵菇生长发育所需的营养及环境条件等,白灵菇母种、原种、栽培种的制种过程,以及生产过程中需要注意的问题及解决方法,阐述了白灵菇出菇管理、病虫害防治及采后保鲜、贮藏与加工技术等内容 。
●
相关链接 在E读中查询图书 在五车中查询图书 在当当中查询图书 在豆瓣中查询图书


正题名:白灵菇栽培技术100问     索取号:S646.1-44/590         预约/预借

序号 登录号 条形码 馆藏地/架位号 状态 备注
1 1206348   212063489   第二样本阅览室/ [索取号:S646.1-44/590] 在馆    
2 1206349   212063498   第三借阅区/ [索取号:S646.1-44/590] 在馆    
3 1206350   212063504   第三借阅区/ [索取号:S646.1-44/590] 在馆    
4 1206351   212063513   第三借阅区/ [索取号:S646.1-44/590] 在馆    
唐山师范学院图书馆 欢迎您!
大连网信软件有限公司© 版权所有